[Event "CRO-chT2 Center"]
[Site "Zagreb"]
[Date "2012.10.28"]
[Round "11.31"]
[White "Nikolac, Juraj"]
[Black "Vrsek, Ivan"]
[Result "0-1"]
[WhiteElo "2437"]
[BlackElo "2222"]
[PlyCount "76"]
[EventDate "2012.03.18"]
[EventType "team-swiss"]
[EventRounds "11"]
[EventCountry "CRO"]
[SourceTitle "EXT 2019"]
[Source "ChessBase"]
[SourceDate "2018.10.10"]
[SourceVersion "1"]
[SourceVersionDate "2018.10.10"]
[SourceQuality "1"]

1. Nf3 d5 2. g3 Nf6 3. Bg2 c6 4. 0-0 Bg4 5. d3 Nbd7 6. Nbd2 e5 7. e4 Bd6 8. h3 Bxf3 9. Nxf3 dxe4 10. dxe4 Bc5 11. Qe2 0-0 12. Bg5 Re8 13. Rad1 Qb6 14. c3 a5 15. Nh4 Qa6 16. Rd3 Bf8 17. Qc2 h6 18. Bxf6 Nxf6 19. Rfd1 a4 20. Nf5 Qc4 21. b3 axb3 22. axb3 Qe6 23. Nd6 Reb8 24. R3d2 b5 25. Bf1 Rd8 26. Nf5 Rxd2 27. Rxd2 g6 28. Ne3 Bc5 29. Nd1 Nh7 30. Kh2 Ra3 31. b4 Bb6 32. h4 Nf6 33. f3 g5 34. hxg5 hxg5 35. Kh1 Nh5 36. Kh2 g4 37. Qd3 Qh6 38. Kg2 Nf4+ 0-1

[Event "CRO-chT2 Center"]
[Site "Croatia"]
[Date "2011.10.02"]
[Round "7.11"]
[White "Nikolac, Juraj"]
[Black "Matijevic, Hrvoje"]
[Result "0-1"]
[WhiteElo "2417"]
[BlackElo "2222"]
[PlyCount "72"]
[EventDate "2011.03.20"]
[EventType "team-tourn"]
[EventRounds "11"]
[EventCountry "CRO"]
[SourceTitle "EXT 2014"]
[Source "ChessBase"]
[SourceDate "2013.11.20"]
[SourceVersion "1"]
[SourceVersionDate "2013.11.20"]
[SourceQuality "1"]

1. d4 Nf6 2. c4 e6 3. Nf3 Bb4+ 4. Nbd2 b6 5. g3 Bb7 6. Bg2 c5 7. dxc5 bxc5 8. 0-0 d5 9. cxd5 exd5 10. Nb3 c4 11. Nbd4 0-0 12. Qa4 Bc5 13. Bf4 Qb6 14. Rad1 Ne4 15. Be3 Nc6 16. Qc2 Nb4 17. Qb1 Rac8 18. a3 Nc6 19. Nxc6 Bxc6 20. Bxc5 Qxc5 21. Ne5 Ba4 22. Bxe4 dxe4 23. Nd7 Bxd7 24. Rxd7 e3 25. f4 c3 26. Qc2 cxb2 27. Qxb2 Rb8 28. Qa2 Rbd8 29. Rfd1 Rxd7 30. Rxd7 g6 31. Qb3 a5 32. Kg2 Qc6+ 33. Qd5 Qc2 34. Qf3 Re8 35. Rd3 Qxd3 36. exd3 e2 0-1

[Event "CRO-chT2 Center"]
[Site "Croatia"]
[Date "2011.04.03"]
[Round "6.61"]
[White "Cop, Tomislav"]
[Black "Nikolac, Juraj"]
[Result "0-1"]
[WhiteElo "2268"]
[BlackElo "2417"]
[PlyCount "106"]
[EventDate "2011.03.20"]
[EventType "team-tourn"]
[EventRounds "11"]
[EventCountry "CRO"]
[SourceTitle "EXT 2014"]
[Source "ChessBase"]
[SourceDate "2013.11.20"]
[SourceVersion "1"]
[SourceVersionDate "2013.11.20"]
[SourceQuality "1"]

1. e4 e5 2. Nf3 Nc6 3. Bc4 Bc5 4. b4 Bxb4 5. c3 Ba5 6. d4 exd4 7. Qb3 Qf6 8. 0-0 Bb6 9. e5 Qg6 10. cxd4 Nge7 11. Bd3 Qe6 12. Bc4 Qg6 13. Bd3 Qh5 14. Bb2 d5 15. exd6 Be6 16. Qa3 cxd6 17. Qxd6 0-0 18. Nbd2 Rfd8 19. Qg3 Qg4 20. Qxg4 Bxg4 21. Be4 f6 22. Nc4 Bc7 23. Rac1 Rd7 24. Rfd1 Rad8 25. Ne3 Be6 26. a3 Nd5 27. Nc4 h6 28. h3 Kf7 29. Rc2 g5 30. Kf1 h5 31. Rcc1 g4 32. hxg4 hxg4 33. Nh4 Bf4 34. Rc2 Nce7 35. g3 Bg5 36. Ng2 Rc7 37. Nce3 Rxc2 38. Bxc2 Rc8 39. Bd3 a6 40. Be2 f5 41. Bd3 b5 42. a4 bxa4 43. Ra1 Bd7 44. Bxa6 Rh8 45. Ke2 Bc6 46. Bd3 Rh2 47. Bc4 Kg6 48. Nxd5 Nxd5 49. Bxd5 Bxd5 50. Ne3 Bf3+ 51. Kd3 Rxf2 52. Bc1 Be2+ 53. Kc3 Rf3 0-1

[Event "CRO-chT2 Center"]
[Site "Zagreb"]
[Date "2010.10.10"]
[Round "8.51"]
[White "Jukic, Zeljko"]
[Black "Nikolac, Juraj"]
[Result "1/2-1/2"]
[WhiteElo "2272"]
[BlackElo "2428"]
[PlyCount "26"]
[EventDate "2010.03.21"]
[EventType "team-tourn"]
[EventRounds "11"]
[EventCountry "CRO"]
[SourceTitle "EXT 2012"]
[Source "ChessBase"]
[SourceDate "2011.11.24"]
[SourceVersion "1"]
[SourceVersionDate "2011.11.24"]
[SourceQuality "1"]

1. d4 Nf6 2. Nf3 e6 3. Bf4 b6 4. Nbd2 Bb7 5. e3 Be7 6. Bd3 d5 7. h3 0-0 8. c3 c5 9. 0-0 Nbd7 10. Ne5 Nxe5 11. Bxe5 Rc8 12. Qe2 Bd6 13. Bxd6 Qxd6 1/2-1/2

[Event "CRO-chT2b"]
[Site "Croatia"]
[Date "2009.10.18"]
[Round "8"]
[White "Nikolac, Juraj"]
[Black "Matijevic, Hrvoje"]
[Result "1-0"]
[WhiteElo "2428"]
[BlackElo "2249"]
[PlyCount "125"]
[EventDate "2009.03.01"]
[EventType "team-tourn"]
[EventRounds "11"]
[EventCountry "CRO"]
[SourceTitle "EXT 2011"]
[Source "ChessBase"]
[SourceDate "2010.11.26"]
[SourceVersion "1"]
[SourceVersionDate "2010.11.26"]
[SourceQuality "1"]

1. Nf3 Nf6 2. c4 e6 3. g3 d5 4. Bg2 Nbd7 5. cxd5 exd5 6. 0-0 Bc5 7. a3 a5 8. b3 0-0 9. Bb2 Re8 10. Nc3 c6 11. Qc2 Qe7 12. e3 Bd6 13. Ne2 Nc5 14. Nfd4 Bd7 15. Nf4 Be5 16. Nxc6 bxc6 17. Bxe5 Qxe5 18. Qxc5 g5 19. Nd3 Qf5 20. Qd4 Ne4 21. Nc5 Nxc5 22. Qxc5 Reb8 23. Qc3 Rb5 24. Rfe1 Rab8 25. e4 Qg6 26. Rab1 dxe4 27. Bxe4 Bf5 28. d3 h5 29. Rb2 h4 30. g4 Bxe4 31. Rxe4 Kh7 32. h3 Qd6 33. b4 axb4 34. Rbxb4 Rd8 35. d4 Rd5 36. Rb7 Kg7 37. Ree7 Rf8 38. Qe3 Qf6 39. Re5 Rfd8 40. Kg2 c5 41. Rxd5 Rxd5 42. dxc5 Qc6 43. Rb6 Qxc5 44. Qxc5 Rxc5 45. a4 Rc4 46. a5 Ra4 47. a6 Ra3 48. Rc6 Ra2 49. Rd6 Ra3 50. f3 Ra2+ 51. Kg1 Ra1+ 52. Kf2 Ra2+ 53. Ke3 Ra3+ 54. Ke4 Ra4+ 55. Ke5 Ra3 56. Ke4 Ra4+ 57. Kd5 Ra3 58. Kc5 Rxf3 59. a7 Ra3 60. Kb6 Rb3+ 61. Kc7 Ra3 62. Kb7 Rb3+ 63. Rb6 1-0

[Event "CRO-chT2b"]
[Site "Croatia"]
[Date "2009.03.01"]
[Round "1"]
[White "Nikolac, Juraj"]
[Black "Margeta, Zeljko"]
[Result "1-0"]
[WhiteElo "2416"]
[BlackElo "2055"]
[PlyCount "89"]
[EventDate "2009.03.01"]
[EventType "team-tourn"]
[EventRounds "11"]
[EventCountry "CRO"]
[SourceTitle "EXT 2010"]
[Source "ChessBase"]
[SourceDate "2010.11.25"]
[SourceVersion "1"]
[SourceVersionDate "2010.11.25"]
[SourceQuality "1"]

1. Nf3 Nf6 2. c4 g6 3. Nc3 Bg7 4. g3 c6 5. Bg2 d6 6. 0-0 Qc7 7. b4 0-0 8. Rb1 e5 9. d3 Re8 10. b5 Nbd7 11. bxc6 bxc6 12. Nd2 Bb7 13. Ba3 Bf8 14. Qb3 Reb8 15. Nde4 Nxe4 16. Nxe4 Bc8 17. Qa4 c5 18. Nc3 Rxb1 19. Rxb1 Rb8 20. Rxb8 Qxb8 21. Qb5 Qxb5 22. Nxb5 a6 23. Na7 Nb6 24. Bc1 Bd7 25. Bd2 Nc8 26. Nc6 Nb6 27. Ba5 Na4 28. Nb8 Be8 29. Nxa6 f5 30. Nc7 Bd7 31. Bd5+ Kg7 32. Kf1 Kf6 33. Ke1 e4 34. dxe4 fxe4 35. Bxe4 Ke5 36. Bd5 Bh6 37. f4+ Kf5 38. Kd2 g5 39. e3 Kg4 40. Kc2 gxf4 41. gxf4 Bg7 42. Ne6 Bf6 43. Ng5 Bf5+ 44. Kb3 Nb2 45. Bf3+ 1-0

[Event "CRO-chT 16th"]
[Site "Sibenik"]
[Date "2007.05.20"]
[Round "4"]
[White "Nikolac, Juraj"]
[Black "Loncar, Robert"]
[Result "1/2-1/2"]
[WhiteElo "2415"]
[BlackElo "2433"]
[PlyCount "121"]
[EventDate "2007.05.17"]
[EventType "team-tourn"]
[EventRounds "5"]
[EventCountry "CRO"]
[SourceTitle "CBM 118 Extra"]
[Source "ChessBase"]
[SourceDate "2007.07.04"]
[SourceVersion "1"]
[SourceVersionDate "2007.07.04"]
[SourceQuality "1"]

1. Nf3 Nf6 2. c4 c6 3. g3 d5 4. Bg2 dxc4 5. 0-0 Qd5 6. b3 cxb3 7. Nc3 Qa5 8. Qxb3 e6 9. d4 Be7 10. e4 0-0 11. Bd2 Qd8 12. Rad1 b6 13. Bg5 Nbd7 14. Rfe1 h6 15. Bf4 Bb7 16. h4 Re8 17. Bh3 Bf8 18. Re2 b5 19. Ne5 a5 20. Bg2 a4 21. Qb1 Qa5 22. Rc2 Rad8 23. Nc4 bxc4 24. Qxb7 e5 25. dxe5 Nxe5 26. Rxd8 Rxd8 27. Bxe5 Qxe5 28. Qxc6 Qd4 29. Bf1 Bb4 30. Qxc4 Bxc3 31. Rxc3 Nxe4 32. Rf3 Qxc4 33. Bxc4 Rd1+ 34. Kg2 Nd6 35. Rd3 Rxd3 36. Bxd3 a3 37. Kf3 g5 38. hxg5 hxg5 39. Ke3 Kg7 40. Kd4 Kf6 41. Kd5 Ke7 42. Ke5 f6+ 43. Kd5 Kd7 44. Bc2 Ke7 45. Kc5 Ke6 46. Bb3+ Ke7 47. Bd5 f5 48. Kd4 Kf6 49. Bc6 g4 50. f3 f4 51. fxg4 fxg3 52. Ke3 Kg5 53. Kf3 Kh4 54. Kf4 Nf7 55. Bd5 Ng5 56. Kf5 Nf7 57. Kf4 Ng5 58. Kf5 Nh7 59. Bg2 Ng5 60. Bd5 Nf7 61. Kf4 1/2-1/2

[Event "CRO-chT 16th"]
[Site "Sibenik"]
[Date "2007.05.17"]
[Round "1"]
[White "Palac, Mladen"]
[Black "Nikolac, Juraj"]
[Result "1-0"]
[WhiteElo "2568"]
[BlackElo "2415"]
[PlyCount "68"]
[EventDate "2007.05.17"]
[EventType "team-tourn"]
[EventRounds "5"]
[EventCountry "CRO"]
[SourceTitle "CBM 118 Extra"]
[Source "ChessBase"]
[SourceDate "2007.07.04"]
[SourceVersion "1"]
[SourceVersionDate "2007.07.04"]
[SourceQuality "1"]

1. e4 c5 2. Nf3 d6 3. d4 Nf6 4. Nc3 cxd4 5. Nxd4 g6 6. Be3 Bg7 7. f3 Nc6 8. Qd2 0-0 9. 0-0-0 Nxd4 10. Bxd4 Be6 11. Kb1 a6 12. g4 b5 13. h4 b4 14. Nd5 Bxd5 15. exd5 Qc7 16. h5 Rfc8 17. hxg6 hxg6 18. Bh3 g5 19. Rh2 Qa5 20. Bg2 Rc4 21. Qxg5 e5 22. Bxe5 dxe5 23. Rdh1 Kf8 24. Rh8+ Bxh8 25. Rxh8+ Ke7 26. Qxe5+ Kd7 27. Qf5+ Kc7 28. d6+ Kb6 29. Qxa5+ Kxa5 30. Rxa8 Rd4 31. Kc1 Rxd6 32. Bf1 Nd5 33. Bc4 Nf4 34. Re8 Kb6 1-0

[Event "Zagreb op"]
[Site "Zagreb"]
[Date "2006.01.21"]
[Round "8"]
[White "Zufic, Miroslav"]
[Black "Nikolac, Juraj"]
[Result "1-0"]
[WhiteElo "2391"]
[BlackElo "2416"]
[PlyCount "69"]
[EventDate "2006.01.14"]
[EventType "swiss"]
[EventRounds "9"]
[EventCountry "CRO"]
[SourceTitle "CBM 110 Extra"]
[Source "ChessBase"]
[SourceDate "2006.03.10"]
[SourceVersion "2"]
[SourceVersionDate "2006.03.10"]
[SourceQuality "1"]

1. e4 e5 2. Nf3 Nc6 3. Bb5 a6 4. Ba4 Nf6 5. 0-0 Be7 6. Re1 d6 7. c3 0-0 8. h3 Nd7 9. d4 Bf6 10. Be3 g6 11. Nbd2 Bg7 12. Nf1 Qe7 13. Ng3 Nb6 14. Bb3 Na5 15. Bc2 Nbc4 16. Bg5 Qe8 17. b3 Na3 18. Bd3 exd4 19. cxd4 Nc6 20. Rc1 h6 21. Be3 Qd8 22. Qd2 g5 23. d5 Na7 24. Bd4 Bxd4 25. Nxd4 N7b5 26. Ndf5 Bxf5 27. Nxf5 Qf6 28. f4 Kh8 29. e5 dxe5 30. fxe5 Qb6+ 31. Kh1 Rad8 32. d6 cxd6 33. e6 fxe6 34. Rxe6 Rxf5 35. Bxf5 1-0

[Event "Zagreb op"]
[Site "Zagreb"]
[Date "2006.01.17"]
[Round "4"]
[White "Jadrijevic, Ante"]
[Black "Nikolac, Juraj"]
[Result "0-1"]
[WhiteElo "2174"]
[BlackElo "2416"]
[PlyCount "112"]
[EventDate "2006.01.14"]
[EventType "swiss"]
[EventRounds "9"]
[EventCountry "CRO"]
[SourceTitle "CBM 110 Extra"]
[Source "ChessBase"]
[SourceDate "2006.03.10"]
[SourceVersion "2"]
[SourceVersionDate "2006.03.10"]
[SourceQuality "1"]

1. d4 Nf6 2. c3 b6 3. Bg5 Bb7 4. Nd2 e6 5. e4 Be7 6. Bd3 d6 7. Qe2 c5 8. h3 cxd4 9. cxd4 Nc6 10. Ngf3 0-0 11. a3 h6 12. Be3 Re8 13. 0-0 a6 14. Rfe1 b5 15. b4 Bf8 16. Nb3 Rc8 17. Qb2 Nb8 18. Nfd2 Nbd7 19. Na5 Ba8 20. a4 bxa4 21. Rxa4 Rb8 22. Rb1 e5 23. d5 Nc5 24. Bxc5 dxc5 25. b5 axb5 26. Bxb5 Re7 27. Qc2 Ra7 28. Ndc4 Bd6 29. Bc6 Rxb1+ 30. Qxb1 Bc7 31. Bxa8 Qxa8 32. f3 Nh5 33. Qa1 Nf4 34. d6 Bd8 35. Qxe5 Ne6 36. Qd5 Qb8 37. Qd1 Qb5 38. Qa1 Nd4 39. Ra2 Kh7 40. e5 g6 41. Kh1 Qe8 42. Qe1 Qe6 43. Ra4 Ra8 44. f4 Nf5 45. Ra3 Rb8 46. Nc6 Bh4 47. Qc1 Rb7 48. Nd8 Bxd8 49. Nd2 Qd5 50. Nf3 c4 51. Kh2 Bh4 52. g4 Rb3 53. Rxb3 cxb3 54. gxf5 Qxf3 55. fxg6+ Kg7 56. Qd2 Bf2 0-1

[Event "Zagreb op"]
[Site "Zagreb"]
[Date "2006.01.16"]
[Round "3"]
[White "Nikolac, Juraj"]
[Black "Franciskovic, Borka"]
[Result "1/2-1/2"]
[WhiteElo "2416"]
[BlackElo "2162"]
[PlyCount "78"]
[EventDate "2006.01.14"]
[EventType "swiss"]
[EventRounds "9"]
[EventCountry "CRO"]
[SourceTitle "CBM 110 Extra"]
[Source "ChessBase"]
[SourceDate "2006.03.10"]
[SourceVersion "2"]
[SourceVersionDate "2006.03.10"]
[SourceQuality "1"]

1. Nf3 Nf6 2. c4 c5 3. g3 e6 4. Bg2 Nc6 5. b3 Be7 6. Bb2 0-0 7. 0-0 a6 8. d4 cxd4 9. Nxd4 Qc7 10. Nc3 d6 11. Rc1 Ne5 12. Qd2 Bd7 13. f4 Ng6 14. e4 Rfe8 15. Kh1 Rac8 16. Nf3 Red8 17. Qe2 Qb8 18. e5 dxe5 19. Nxe5 Be8 20. Ne4 Nxe4 21. Bxe4 Nxe5 22. Bxe5 Bd6 23. Bc3 Bc6 24. Bxc6 Rxc6 25. f5 exf5 26. Rxf5 Bf8 27. Qf3 Rd7 28. Rf1 Qe8 29. Rd5 Re6 30. Rxd7 Qxd7 31. Rd1 Rd6 32. Rxd6 Qxd6 33. Kg2 Qg6 34. Bd4 Qc2+ 35. Qf2 Qe4+ 36. Kg1 Qb1+ 37. Kg2 Qe4+ 38. Kg1 Qb1+ 39. Kg2 Qe4+ 1/2-1/2

[Event "CRO Cup 14th"]
[Site "Sibenik"]
[Date "2005.06.02"]
[Round "6"]
[White "Cvitan, Ognjen"]
[Black "Nikolac, Juraj"]
[Result "1/2-1/2"]
[WhiteElo "2481"]
[BlackElo "2411"]
[PlyCount "25"]
[EventDate "2005.05.30"]
[EventType "team-tourn"]
[EventRounds "7"]
[EventCountry "CRO"]
[SourceTitle "CBM 106 Extra"]
[Source "ChessBase"]
[SourceDate "2005.07.01"]
[SourceVersion "1"]
[SourceVersionDate "2005.07.01"]
[SourceQuality "1"]

1. c4 Nf6 2. Nc3 e5 3. Nf3 Nc6 4. g3 Bb4 5. Bg2 0-0 6. 0-0 Re8 7. d3 h6 8. Bd2 a5 9. Nd5 Bxd2 10. Nxd2 d6 11. Rc1 Nd4 12. Re1 c6 13. Nxf6+ 1/2-1/2

[Event "CRO-chT2 Center"]
[Site "Zagreb"]
[Date "2005.05.08"]
[Round "4.4"]
[White "Nikolac, Juraj"]
[Black "Draganic, Stjepan"]
[Result "1-0"]
[WhiteElo "2411"]
[BlackElo "2234"]
[PlyCount "79"]
[EventDate "2005.04.03"]
[EventType "tourn"]
[EventRounds "11"]
[EventCountry "CRO"]
[SourceTitle "EXT 2007"]
[Source "ChessBase"]
[SourceDate "2006.11.23"]
[SourceVersion "1"]
[SourceVersionDate "2006.11.23"]
[SourceQuality "1"]

1. e4 c6 2. c4 d5 3. cxd5 cxd5 4. exd5 Nf6 5. Nc3 g6 6. Bc4 Bg7 7. Nge2 0-0 8. 0-0 Nbd7 9. d3 Nb6 10. Qb3 Nbd7 11. Bg5 h6 12. Bf4 Nh5 13. Be3 Kh7 14. h3 Ne5 15. f4 Nxc4 16. dxc4 e6 17. Rad1 e5 18. d6 exf4 19. Nxf4 Nxf4 20. Bxf4 Bd7 21. Nd5 b6 22. Qg3 Be6 23. Be5 f6 24. Bc3 Bxd5 25. Rxd5 Qd7 26. Qd3 f5 27. Bxg7 Qxg7 28. Re1 Rf7 29. Rde5 Rd8 30. Re7 Rd7 31. Rxd7 Rxd7 32. b4 Qb2 33. a3 Kg7 34. c5 bxc5 35. bxc5 h5 36. Qe3 Qb8 37. Qe5+ Kh6 38. Qe3+ Kh7 39. Qe6 Qc8 40. Qxd7+ 1-0

[Event "CRO-chT2 Center"]
[Site "Zagreb"]
[Date "2005.04.24"]
[Round "3.4"]
[White "Sunjic, Vitomir"]
[Black "Nikolac, Juraj"]
[Result "0-1"]
[WhiteElo "2230"]
[BlackElo "2411"]
[PlyCount "124"]
[EventDate "2005.04.03"]
[EventType "tourn"]
[EventRounds "11"]
[EventCountry "CRO"]
[SourceTitle "EXT 2007"]
[Source "ChessBase"]
[SourceDate "2006.11.23"]
[SourceVersion "1"]
[SourceVersionDate "2006.11.23"]
[SourceQuality "1"]

1. d4 Nf6 2. Nf3 e6 3. Bf4 c5 4. e3 Qb6 5. Nc3 cxd4 6. Nxd4 a6 7. Rb1 d6 8. Bg5 Nbd7 9. e4 Be7 10. g3 0-0 11. Bg2 Ne5 12. 0-0 Bd7 13. Nce2 Qc7 14. b3 b5 15. Qd2 Rac8 16. h3 Rfd8 17. Rbc1 h6 18. Be3 d5 19. exd5 Nxd5 20. Bxd5 exd5 21. Kg2 Ng6 22. a4 bxa4 23. bxa4 Qc4 24. Ra1 Rb8 25. Rfd1 Bf6 26. Qd3 Qc8 27. Ng1 Ne5 28. Qe2 Re8 29. Qh5 Rb4 30. Rab1 Rxb1 31. Rxb1 Nc4 32. Ngf3 Nxe3+ 33. fxe3 Rxe3 34. Qxd5 Rc3 35. Rb7 Bxh3+ 36. Kf2 Be6 37. Qe4 Rc5 38. Nxe6 Rxc2+ 39. Kf1 fxe6 40. Ra7 Rc1+ 41. Ke2 Qc2+ 42. Qxc2 Rxc2+ 43. Kd3 Rc3+ 44. Ke2 Rc6 45. Kd3 Kh7 46. Nd2 Kg6 47. Nc4 Kf5 48. a5 h5 49. Rb7 Rc5 50. Rb6 Rd5+ 51. Ke2 Rd4 52. Ne3+ Ke5 53. Rxa6 Bg5 54. Nf1 Re4+ 55. Kf3 Re1 56. Kf2 Ra1 57. Ra7 g6 58. a6 Bd8 59. Ra8 Bb6+ 60. Ke2 Ra2+ 61. Kd1 Ke4 62. Rb8 Rxa6 0-1